New orders in the construction industry (Record no. 113021)

MARC details
000 -LEADER
fixed length control field 01139cad a22002175a 4500
001 - CONTROL NUMBER
control field L154511
008 - FIXED-LENGTH DATA ELEMENTS--GENERAL INFORMATION
fixed length control field 111217e20110304xxkd f s f000 0 eng d
035 ## - SYSTEM CONTROL NUMBER
System control number (Sirsi) u154511
041 0# - LANGUAGE CODE
Language code of text/sound track or separate title eng
110 1# - MAIN ENTRY--CORPORATE NAME
Corporate name or jurisdiction name as entry element United Kingdom
Subordinate unit Office of National Statistics
9 (RLIN) 2035
245 00 - TITLE STATEMENT
Title New orders in the construction industry
Remainder of title third quarter 2011
Medium [electronic resource]
260 ## - PUBLICATION, DISTRIBUTION, ETC.
Place of publication, distribution, etc. [S.l.]
Name of publisher, distributor, etc. ONS
Date of publication, distribution, etc. 2011
490 ## - SERIES STATEMENT
Series statement ONS Statistical Bulletin
Volume/sequential designation 2 December 2011
520 ## - SUMMARY, ETC.
Summary, etc. The total volume (in £m) of all new construction orders in the third quarter of 2011 rose by 12.8 per cent compared with the second quarter of 2011; the total volume of new construction orders fell by 5.5 per cent compared with the same period in 2010; the largest contribution to growth in the third quarter came from private commercial which increased by 21.4% compared with the second quarter.
590 ## - LOCAL NOTE (RLIN)
Local note KA
650 24 - SUBJECT ADDED ENTRY--TOPICAL TERM
Topical term or geographic name entry element ONS NEW CONSTRUCTION ORDERS
651 #4 - SUBJECT ADDED ENTRY--GEOGRAPHIC NAME
Geographic name Great Britain
Chronological subdivision 1707-
690 ## - LOCAL SUBJECT ADDED ENTRY--TOPICAL TERM (OCLC, RLIN)
Topical term or geographic name as entry element BUILT ENVIRONMENT-CONSTRUCTION MARKET
856 40 - ELECTRONIC LOCATION AND ACCESS
Uniform Resource Identifier <a href="https://www.ons.gov.uk/ons/dcp171778_245585.pdf">https://www.ons.gov.uk/ons/dcp171778_245585.pdf</a>
Public note View the item free of charge at www.ons.gov.uk
942 ## - ADDED ENTRY ELEMENTS (KOHA)
Suppress in OPAC 0
Holdings
Withdrawn status Lost status Source of classification or shelving scheme Damaged status Not for loan Home library Current library Shelving location Date acquired Total Checkouts Full call number Barcode Date last seen Copy number Price effective from Koha item type
    Dewey Decimal Classification     Virtual Virtual Online 17/12/2011   ONLINE PUBLICATION 154511-2001 06/08/2019 1 06/08/2019 Book